Datum a čas kvízu

21.5 Celkem bodů Celkový počet nahraných bodů na tomto kvízu bez doplňovacích otázek.
11. Pořadí na kvízu Konečné umístění týmu na tomto kvízu.

Zaznamenané odpovědi

# Otázka Odpověď Body Výsledky
1. Které všeobecně známé tradiční... pochodu Praha - Prčice 1
2. Odvolací soud ve středu potvrd... Nicolas Sarkozy 0
3. Minulý týden jsme se dozvěděli... na Staroměstském orloji 1
4. Staropramen minulý týden předs... Orlando Bloom 1
5. Fotbalová Liga mistrů zná od s... Inter Milán, Manchester City 0
6. Ve třetím díle našeho cyklu si... T - 1000 0
7. Kriminální drama s prvky černé... Mia (Wallace), (Uma) Thurman 1
8. Děj filmu Kmotr 2 na třinácté... Robert de Niro 1
9. Dalším v pořadí je první díl J... 9 členů 1
10. Patnáctku nejlepších filmů uza... Nový Zéland 0